| 000 | 02289cam a2200409Ii 4500 | ||
|---|---|---|---|
| 001 | 956505367 | ||
| 003 | OCoLC | ||
| 005 | 20260427092101.0 | ||
| 006 | m o d | ||
| 007 | cr cnu|||unuuu | ||
| 008 | 160811t20162016enk ob 001 0 eng d | ||
| 020 | _a9781137567000 | ||
| 020 | _a1137567007 | ||
| 020 | _z9781137566997 | ||
| 035 | _a(OCoLC)956505367 | ||
| 040 |
_aN$T _beng _erda _epn _cN$T _dN$T _dBSULIB _dOCLCF |
||
| 043 | _af------ | ||
| 050 | 4 | _aHD2741 | |
| 072 | 7 |
_aBUS _x070000 _2bisacsh |
|
| 082 | 0 | 4 |
_a338.6096 _223 _bCOR |
| 245 | 0 | 0 |
_aCorporate governance in Africa : _bassessing implementation and ethical perspectives / _cKerry E. Howell, M. Karim Sorour, editors |
| 260 |
_aLondon: _bMacmillan, _c2016. |
||
| 300 | _a1 online resource | ||
| 504 | _aIncludes bibliographical references and index | ||
| 505 | _a 1. Introduction: Notions of Governance, Social Contracts and Ethical Perspectives 2. Paradigm of Inquiry: Critical Theory and Constructivism 3. Ethical Perspectives on Corporate Governance 4. On the Evolution of Corporate Governance Culture in Africa: The Case of the Egyptian Banking Sector 5. Ethical Dimensions of Corporate Governance Practice in Ghana: Developing a Theoretical Perspective 6. Corporate Governance in Nigeria 7. An Examination and Analysis of Bank Corporate Governance Regulation in The Gambia: A Grounded Theory Approach 8. The King Reports on Corporate Governance in South Africa: An Ubuntu African Philosophy Analysis 9. The Corporate Governance of the Kenyan Public Sector 10. Conclusions | ||
| 506 | _aAvailable to OhioLINK libraries | ||
| 650 | 0 |
_aCorporate governance _zAfrica. _924622 |
|
| 650 | 0 |
_aBusiness ethics _zAfrica. _924623 |
|
| 655 | 4 |
_aElectronic books. _91383 |
|
| 700 | 1 |
_aHowell, Kerry E., _eeditor. _924624 |
|
| 700 | 1 |
_aSorour, M. Karim, _eeditor. _924625 |
|
| 710 | 2 |
_aOhio Library and Information Network. _923718 |
|
| 856 | 4 | 0 |
_uhttp://rave.ohiolink.edu/ebooks/ebc/9781137567000 _3OhioLINK _zConnect to resource |
| 856 | 4 | 0 |
_uhttp://link.springer.com/10.1057/978-1-137-56700-0 _3SpringerLink _zConnect to resource |
| 856 | 4 | 0 |
_uhttp://proxy.ohiolink.edu:9099/login?url=http://link.springer.com/10.1057/978-1-137-56700-0 _3SpringerLink _zConnect to resource (off-campus) |
| 942 |
_2ddc _cBK |
||
| 999 |
_c12602 _d12602 |
||